Le gouvernement de M. Thiers (Record no. 165393)
[ view plain ]
| 000 -LEADER | |
|---|---|
| campo de control de longitud fija | 00683nam a22001815i 4500 |
| 001 - NÚMERO DE CONTROL | |
| campo de control | 165393 |
| 003 - IDENTIFICADOR DE NÚMERO DE CONTROL | |
| campo de control | ES-MaACL |
| 005 - FECHA Y HORA DE LA ÚLTIMA TRANSACCIÓN | |
| campo de control | 20260130154843.0 |
| 008 - DATOS DE LONGITUD FIJA--INFORMACIÓN GENERAL | |
| campo de control de longitud fija | 991027s1878 fr |||| | fre d |
| 040 ## - FUENTE DE CATALOGACIÓN | |
| Centro catalogador/agencia de origen | CAM |
| Lengua de catalogación | spa |
| Centro/agencia transcriptor | CAM |
| 100 1# - ENTRADA PRINCIPAL--NOMBRE DE PERSONA | |
| Nombre de persona | Simon, Jules, |
| Fechas asociadas al nombre | 1814-1896 |
| 9 (RLIN) | 224189 |
| 245 13 - MENCIÓN DEL TÍTULO | |
| Título | Le gouvernement de M. Thiers |
| Resto del título | : 8 février 1871 - 24 mai 1873 / |
| Mención de responsabilidad, etc. | par Jules Simon. |
| 260 ## - PUBLICACIÓN, DISTRIBUCIÓN, ETC. | |
| Lugar de publicación, distribución, etc. | Paris : |
| Nombre del editor, distribuidor, etc. | Calmann Lévy éditeur, |
| Fecha de publicación, distribución, etc. | 1878 ( |
| Fabricante | Imprimerie Centrale des Chemins de Fer, A. Chaix et cie) |
| 300 ## - DESCRIPCIÓN FÍSICA | |
| Extensión | 2 v. (473; 453 p.) ; |
| Dimensiones | 22 cm. |
| 600 17 - PUNTO DE ACCESO ADICIONAL DE MATERIA--NOMBRE DE PERSONA | |
| Nombre de persona | Thiers, Adolphe, |
| Fechas asociadas al nombre | 1797-1877- |
| Subdivisión general | Biografías |
| Fuente del encabezamiento o término | |
| 9 (RLIN) | 133217 |
| 852 ## - LOCALIZACIÓN | |
| Ubicación | ES-MaACL |
| Número de control de estantería | F-5708-09 |
| Nota libre | -- Enc. hol. |
| Estatus retirado | Estado de pérdida | Estado de daño | No para préstamo | Colección | Biblioteca de origen | Biblioteca actual | Ubicación en estantería | Fecha de adquisición | Total de préstamos | Signatura topográfica completa | Código de barras | Visto por última vez | Precio de reemplazo | Tipo de ítem Koha |
|---|---|---|---|---|---|---|---|---|---|---|---|---|---|---|
| Libros del s. XIX | Biblioteca del Ateneo de Madrid | Biblioteca del Ateneo de Madrid | Depósito 2 | 17/01/2008 | F-5708-09 | 1173437 | 23/02/2023 | 23/02/2023 | Libro impreso antiguo |
